Thanksgiving Special 2023 - Statistics

General Stats
  • This quiz has been taken 54 times
  • The average score is 9 of 10
Answer Stats
Clue .... Answer % Correct
Day right after Thanksgiving B_a_k F_i_a_ Black Friday
100%
Berry most likely eaten on Thanksgiving C_a_b_r_y Cranberry
100%
Hugest course in a Thanksgiving meal T_r_e_ Turkey
96%
First group to celebrate Thanksgiving (plural) P_l_r_m_ Pilgrims
94%
How do you have to feel during Thanksgiving T_a_k_u_ Thankful
92%
Monday right after Thanksgiving C_b_r _o_d_y Cyber Monday
90%
What people do on Black Friday (or the next day) at 3 am S_o_p_n_ Shopping
88%
A grand part of Thanksgiving involving food and family F_a_t Feast
84%
What does the president do to a random turkey P_r_o_ Pardon
84%
Which colony had the first Thanksgiving P_y_o_t_ Plymouth
84%
No matching quizzes found
Score Distribution
Percent of People with Each Score
Percentile by Number Answered
Your Score History
You have not taken this quiz